Memoria /
সংরক্ষণ করুন:
| সংস্থা লেখক: | , |
|---|---|
| বিন্যাস: | পাঠ্য |
| প্রকাশিত: |
San José:
PRIDENA
|
| ট্যাগগুলো: |
ট্যাগ যুক্ত করুন
কোনো ট্যাগ নেই, প্রথমজন হিসাবে ট্যাগ করুন!
|
MARC
| LEADER | 00000 a a2200000 04500 | ||
|---|---|---|---|
| 001 | 29888 | ||
| 003 | |||
| 040 | |||
| 090 | |a 194105 |b RECURSO ELECTRONICO | ||
| 110 | |a PRIDENA | ||
| 245 | |a Memoria / |c PRIDENA | ||
| 260 | |a San José: |b PRIDENA | ||
| 710 | |a Programa Interdisciplinario de Estudios y Acción Social sobre los Derechos de la Niñez y la Adolescencia | ||
| 999 | |c 13646 |d 13646 | ||
